Modeling Japanese - American trade

Bewaard in:
Bibliografische gegevens
Hoofdauteur: Petri, Peter A.
Formaat: Boek
Taal:Undetermined
Gepubliceerd in: Cambridge Harvard University Press 1984
Onderwerpen:
Tags: Voeg label toe
Geen labels, Wees de eerste die dit record labelt!
Thư viện lưu trữ: Trung tâm Học liệu Trường Đại học Cần Thơ
LEADER 00524nam a2200193Ia 4500
001 CTU_79331
008 210402s9999 xx 000 0 und d
082 |a 382 
082 |b P495 
100 |a Petri, Peter A. 
245 0 |a Modeling Japanese - American trade 
245 0 |c Peter A. Petri 
260 |a Cambridge 
260 |b Harvard University Press 
260 |c 1984 
650 |a Commerce 
650 |x Mathematical models 
650 |z United States,Japan 
980 |a Trung tâm Học liệu Trường Đại học Cần Thơ